|
|
|
|
| LEADER |
00000nab a2200000 a 4500 |
| 001 |
vtls008874078 |
| 003 |
SK-MaSNL |
| 005 |
20260426072742.0 |
| 008 |
061108c20061031xo ur| 0 0slo |
| 015 |
|
|
|a SNBRB2006/11
|
| 038 |
|
|
|a RVGKPD
|
| 040 |
|
|
|a RVGKPD
|b slo
|c RVGKPD
|e AACR2
|
| 041 |
|
|
|a slo
|
| 044 |
|
|
|a xo
|c SK
|
| 080 |
|
|
|a 329.3:28
|x (437.6)
|2 1997
|
| 080 |
|
|
|a 329.7
|x (437.6)
|2 1997
|
| 100 |
1 |
|
|a Petková, Zuzana,
|d 1975-
|4 aut
|9 254606
|
| 245 |
1 |
0 |
|a Časť KDH je za zmierenie s Mečiarom
|c Zuzana Petková
|
| 610 |
2 |
7 |
|a Kresťanskodemokratické hnutie (politická strana)
|2 rvgkpd
|9 34649
|
| 610 |
2 |
7 |
|a Hnutie za demokratické Slovensko
|2 rvgkpd
|9 14440
|
| 651 |
|
7 |
|a Slovensko
|2 rvgkpd
|9 14231
|
| 773 |
0 |
|
|t Pravda
|g Roč. XVI, č. 251 (31.10.2006), s. 2
|x 1335-4051
|
| 852 |
|
|
|a RVGKPD
|b KIS3G
|
| 992 |
|
|
|a RBX
|
| 999 |
|
|
|c 2691779
|d 2693709
|